Tales of the Enchanted Islands of the Atlantic (Record no. 236418)
[ view plain ]
| 000 -LEADER | |
|---|---|
| fixed length control field | 01373cam a22002653a 4500 |
| 001 - CONTROL NUMBER | |
| control field | 7098 |
| 003 - CONTROL NUMBER IDENTIFIER | |
| control field | PGUSA |
| 005 - DATE AND TIME OF LATEST TRANSACTION | |
| control field | 20140828083140.0 |
| 008 - FIXED-LENGTH DATA ELEMENTS--GENERAL INFORMATION | |
| fixed length control field | 041201s2004||||xxu|||||s|||||000 | eng d |
| 040 ## - CATALOGING SOURCE | |
| Original cataloging agency | PGUSA |
| Language of cataloging | eng |
| 042 ## - AUTHENTICATION CODE | |
| Authentication code | dc |
| 050 #4 - LIBRARY OF CONGRESS CALL NUMBER | |
| Classification number | PZ |
| 100 1# - MAIN ENTRY--PERSONAL NAME | |
| Personal name | Higginson, Thomas Wentworth, |
| Dates associated with a name | 1823-1911 |
| 245 10 - TITLE STATEMENT | |
| Title | Tales of the Enchanted Islands of the Atlantic |
| Medium | [electronic resource] / |
| Statement of responsibility, etc | Thomas Wentworth Higginson |
| 260 ## - PUBLICATION, DISTRIBUTION, ETC. (IMPRINT) | |
| Name of publisher, distributor, etc | Project Gutenberg, |
| Date of publication, distribution, etc | 2004 |
| 505 0# - FORMATTED CONTENTS NOTE | |
| Formatted contents note | The story of Atlantis -- Taliessin of the radiant brow -- The swan-children of Lir -- Usheen in the Island of Youth -- Bran the Blessed -- The Castle of the Active Door -- Merlin the enchanter -- Sir Lancelot of the Lake -- The Half-Man -- King Arthur at Avalon -- Maelduin's voyage -- The voyage of St. Brandan -- Kirwan's search for Hy-Brasail -- The Isle of Satan's Hand -- Antillia, the Island of the Seven Cities -- Harald the Viking -- The search for Norumbega -- The guardians of the St. Lawrence -- The Island of Demons -- Bimini and the Fountain of Youth. |
| 506 ## - RESTRICTIONS ON ACCESS NOTE | |
| Terms governing access | Public domain in the USA. |
| 516 ## - TYPE OF COMPUTER FILE OR DATA NOTE | |
| Type of computer file or data note | Electronic text |
| 653 ## - INDEX TERM--UNCONTROLLED | |
| Uncontrolled term | Mythology -- Juvenile literature |
| 653 ## - INDEX TERM--UNCONTROLLED | |
| Uncontrolled term | Geographical myths -- Juvenile literature |
| 653 ## - INDEX TERM--UNCONTROLLED | |
| Uncontrolled term | Legends -- Juvenile literature |
| 830 #0 - SERIES ADDED ENTRY--UNIFORM TITLE | |
| Uniform title | Project Gutenberg |
| Volume number/sequential designation | 7098 |
| 856 40 - ELECTRONIC LOCATION AND ACCESS | |
| Uniform Resource Identifier | <a href="http://www.gutenberg.org/ebooks/7098">http://www.gutenberg.org/ebooks/7098</a> |
| 942 ## - ADDED ENTRY ELEMENTS (KOHA) | |
| Koha item type | eBooks |
| Withdrawn status | Lost status | Damaged status | Home library | Current library | Date acquired | Total Checkouts | Date last seen | Price effective from | Koha item type |
|---|---|---|---|---|---|---|---|---|---|
| Project Gutenberg | Project Gutenberg | 08/28/2014 | 08/28/2014 | 08/28/2014 | eBooks |